Butterworths Human Rights Cases (Record no. 619007)

MARC details
000 -LEADER
fixed length control field 00463nam a2200169 a 4500
008 - FIXED-LENGTH DATA ELEMENTS--GENERAL INFORMATION
fixed length control field 260407s2026##################000#0#eng##
020 ## - INTERNATIONAL STANDARD BOOK NUMBER
ISBN 9781405703031
Paper back/Hardbound hbk
082 04 - DEWEY DECIMAL CLASSIFICATION NUMBER
Classification number 341.481026 BUT.18
100 ## - MAIN ENTRY--AUTHOR NAME
Personal name McBride,Jeremy
245 10 - TITLE STATEMENT
Title Butterworths Human Rights Cases
250 ## - EDITION STATEMENT
Edition statement 1st ed.
260 ## - PUBLICATION, DISTRIBUTION, ETC. (IMPRINT)
Place of publication Chippenham:
Name of publisher LexisNexis Butterworths,
Year of publication 2005.
300 ## - PHYSICAL DESCRIPTION
Number of Pages xii,708p.
Dimensions ;24cm.
650 ## - SUBJECT ADDED ENTRY--TOPICAL TERM
Topical Term Human Rights Law
942 ## - ADDED ENTRY ELEMENTS (KOHA)
Koha item type English Books
Holdings
Withdrawn status Lost status Damaged status Not for loan Home library Current library Shelving location Date acquired Full call number Accession Number Price effective from Koha item type
        Anna Centenary Library Anna Centenary Library 4TH FLOOR, A WING 07.04.2026 341.481026 BUT.18 401724 07.04.2026 English Books

Find us on the map